[Event "34th World Open"]
[Site "Philadelphia USA"]
[Date "2006.06.29"]
[Round "2"]
[White "Formanek,E"]
[Black "Milman,L"]
[Result "0-1"]
[WhiteElo "2286"]
[BlackElo "2478"]

1.d4 d5 2.c4 c6 3.Nf3 Nf6 4.Qc2 dxc4 5.Qxc4 Bg4 6.Nbd2 Nbd7 7.h3 Bf5 8.g3 e6
9.Bg2 Be7 10.O-O O-O 11.Qb3 Nb6 12.e3 Nfd7 13.e4 Bg6 14.Qe3 c5 15.dxc5 Nxc5
16.Ne5 Rc8 17.Nb3 Qc7 18.Nxg6 hxg6 19.Nxc5 Bxc5 20.Qb3 Nc4 21.Rd1 a6 22.Rf1 b5
23.a4 Qb6 24.Qf3 f5 25.e5 Nxe5 26.Qe2 Bd4 27.axb5 axb5  0-1

[Event "White Nights Open"]
[Site "St Petersburg RUS"]
[Date "2006.06.30"]
[Round "8"]
[White "Filatov,V"]
[Black "Grigoriev,S"]
[Result "1-0"]
[WhiteElo "1929"]
[BlackElo "2106"]

1.d4 d5 2.c4 c6 3.Nf3 Nf6 4.g3 dxc4 5.Bg2 Bf5 6.Nc3 e6 7.Ne5 Bb4 8.O-O O-O
9.Nxc4 Nbd7 10.Qb3 Bxc3 11.bxc3 Nb6 12.Ne5 Rc8 13.a4 Qc7 14.a5 Nbd5 15.Re1 Ne7
16.e4 Bg6 17.Ba3 Rfd8 18.Bc5 Ra8 19.h4 Nc8 20.g4 b6 21.axb6 Nxb6 22.h5 Nbd7
23.Nxd7 Nxd7 24.hxg6 Nxc5 25.gxf7+ Qxf7 26.dxc5 Rd2 27.Rf1 Rf8 28.Ra2 Rd3
29.Qc4 Qd7 30.e5 g5 31.Be4 Rf4 32.Qxd3 Rxg4+ 33.Kh2 Rh4+ 34.Kg3  1-0

[Event "FSIM July"]
[Site "Budapest HUN"]
[Date "2006.07.01"]
[Round "1"]
[White "Dean,J"]
[Black "Arngrimsson,D"]
[Result "0-1"]
[WhiteElo "2232"]
[BlackElo "2327"]

1.d4 d5 2.c4 c6 3.Nf3 Nf6 4.Qc2 g6 5.Bf4 Na6 6.Nbd2 Ne4 7.cxd5 Nxd2 8.Qxd2 Qxd5
9.a3 Bg7 10.e3 O-O 11.Rc1 b5 12.Be2 Bb7 13.b4 Rfd8 14.O-O e5 15.Bg3 Rac8
16.Rfd1 e4 17.Ne1 c5 18.bxc5 Nxc5 19.Qb4 a5 20.Qxb5 Ba6 21.Qb2 Na4 22.Qd2 Bxe2
23.Rxc8 Rxc8 24.Qxe2 Nc3 25.Qc2 Qb5 26.Rd2 Ne2+ 27.Rxe2 Rxc2 28.Rxc2 Bf8
29.Rc8 Qe2 30.f3 Kg7 31.fxe4 Qxe3+ 32.Kf1 Qxd4 33.Nf3 Qd3+ 34.Kg1 Bxa3 35.h3 Bd6
36.e5 Be7 37.Rc7 Bd8 38.Rc6 Qb5 39.Rc8 Be7 40.Kh2 Qd7 41.Rc4 a4 42.Nd4 a3
43.e6 fxe6 44.Be5+ Bf6  0-1

[Event "34th World Open"]
[Site "Philadelphia USA"]
[Date "2006.07.01"]
[Round "4"]
[White "Formanek,E"]
[Black "Henry,R"]
[Result "1-0"]
[WhiteElo "2286"]
[BlackElo "2162"]

1.d4 d5 2.c4 c6 3.Nf3 Nf6 4.Qc2 e6 5.Bg5 Nbd7 6.cxd5 exd5 7.Nc3 Bd6 8.e3 O-O
9.Bd3 Re8 10.Bxh7+ Kh8 11.Bd3 Nf8 12.h3 Ne6 13.Bh4 Nf4 14.Bf1 Ng6 15.Bg5 Be7
16.Bd3 Ne4 17.Bxe7 Qxe7 18.Bxe4 dxe4 19.Nd2 f5 20.h4 Qf7 21.Ne2 Ne7 22.Nc4 Qf6
23.Nf4 Nd5 24.g3 Nxf4 25.gxf4 Be6 26.Rh3 Qh6 27.Rb1 Bd5 28.a3 Qe6 29.Ne5 a5
30.Rg3 a4 31.Qe2 Qh6 32.Rg5 Kg8 33.Rxf5 Rf8 34.Rxf8+ Rxf8 35.Kd2 b5 36.Qg4 Qd6
37.Qd7 Qf6 38.Rc1 Rd8 39.Qc7 Rd6 40.h5 Re6 41.Qc8+ Kh7 42.Ng6  1-0

[Event "Open"]
[Site "Albarino ESP"]
[Date "2006.07.03"]
[Round "1"]
[White "Manolache,M"]
[Black "Pombo Vidal,F"]
[Result "1-0"]
[WhiteElo "2501"]
[BlackElo "2012"]

1.d4 d5 2.Nf3 Nf6 3.c4 c6 4.Qc2 e6 5.e3 Bd6 6.Nbd2 O-O 7.Bd3 h6 8.b3 Nbd7
9.Bb2 Qe7 10.O-O e5 11.cxd5 cxd5 12.e4 exd4 13.Rae1 dxe4 14.Nxe4 Nxe4 15.Bxe4 Qd8
16.Bh7+ Kh8 17.Bxd4 Nf6 18.Bf5 Bd7 19.Bxf6 Bxf5 20.Bxg7+ Kxg7 21.Qxf5 Qf6
22.Qb5 b6 23.Ne5 Rg8 24.f4 Kh8 25.Qd5 Rac8 26.Qxd6  1-0

[Event "WGM"]
[Site "Marseille FRA"]
[Date "2006.07.03"]
[Round "5"]
[White "Cosma,E"]
[Black "Guichard,P"]
[Result "1-0"]
[WhiteElo "2370"]
[BlackElo "2243"]

1.d4 d5 2.Nf3 Nf6 3.c4 c6 4.g3 e6 5.Nbd2 Nbd7 6.Bg2 Bd6 7.O-O O-O 8.Qc2 b6
9.e4 dxe4 10.Nxe4 Nxe4 11.Qxe4 Bb7 12.Qc2 Nf6 13.Rd1 Qe7 14.Re1 Rfd8 15.a3 Qf8
16.Ne5 Rac8 17.Bg5 Ba8 18.Bh3 Re8 19.b4 h6 20.Bxf6 gxf6 21.Ng4 Qg7 22.c5 Bb8
23.Qe2 Red8 24.Qe3 Kh7 25.f4 f5 26.Ne5 bxc5 27.dxc5 Bxe5 28.fxe5 Qg5 29.Qxg5 hxg5
30.Red1 Kg7 31.Rd6 Rxd6 32.exd6 g4 33.Bf1 Kf8 34.Rd1 Rd8 35.Ba6 Ke8 36.Bc8 Kf8
37.d7 Ke7 38.a4 a6 39.Rd6 Rh8 40.Bxa6  1-0

[Event "35th TCh-GRE"]
[Site "Ermioni GRE"]
[Date "2006.07.04"]
[Round "2"]
[White "Tsorbatzoglou,T"]
[Black "Spyropoulos,G"]
[Result "1-0"]
[WhiteElo "2232"]
[BlackElo "2098"]

1.d4 d5 2.Nf3 Nf6 3.c4 c6 4.Qc2 e6 5.g3 Bd6 6.Bg2 Nbd7 7.O-O h6 8.Nbd2 O-O
9.e4 dxe4 10.Nxe4 Nxe4 11.Qxe4 Nf6 12.Qe2 c5 13.Be3 Qc7 14.dxc5 Bxc5 15.Bf4 Qb6
16.Be5 Rd8 17.Bc3 a5 18.Rad1 Bd7 19.Ne5 Ba4 20.b3 Be8 21.Qf3 Rxd1 22.Rxd1 Rd8
23.Rxd8 Qxd8 24.Qd3 Qc7 25.Qd2 b6 26.h3 Nd7 27.Nxd7 Bxd7 28.Kh2 f6 29.h4 Bc6
30.Qe2 Qd7 31.h5 Bxg2 32.Kxg2 Kf7 33.Qe4 Be7 34.Bd4 Qc7 35.g4 Qd6 36.Be3 Bf8
37.Qb7+ Be7 38.Qxb6 Qd1 39.Qd4 Qc2 40.Qd2 Qb1 41.c5 f5 42.Qe2 a4 43.gxf5 Kg8
44.Qg4 axb3 45.axb3 Qxb3 46.Qe4 e5 47.c6 Bd6 48.f6 Qf7 49.Qg6 Qd5+ 50.f3 Qa2+
51.Bf2 Qf7 52.Qxf7+ Kxf7 53.fxg7 Bc7 54.Kh3 Kxg7 55.Kg4 Kf6 56.Be3 Ke6 57.Bxh6  1-0

[Event "35th TCh-GRE"]
[Site "Ermioni GRE"]
[Date "2006.07.04"]
[Round "2"]
[White "Przezdziecka,M"]
[Black "Goutioudi,I"]
[Result "1-0"]
[WhiteElo "2304"]
[BlackElo "1797"]

1.d4 d5 2.Nf3 Nf6 3.c4 c6 4.Qc2 g6 5.Bf4 Bg7 6.e3 O-O 7.Nc3 c5 8.Nxd5 Nxd5
9.cxd5 cxd4 10.e4 Bg4 11.Ne5 Bd7 12.Bc4 Qb6 13.O-O Rc8 14.Qe2 Be8 15.Rac1 Nd7
16.Nxd7 Bxd7 17.e5 Rd8 18.Rfd1 Rac8 19.h3 a6 20.d6 exd6 21.e6 fxe6 22.Bxe6+ Kh8
23.Bxd7 Rxc1 24.Rxc1 Rf8 25.Rc8 Rxc8 26.Bxc8  1-0

[Event "ch-SWE"]
[Site "Gothenburg SWE"]
[Date "2006.07.04"]
[Round "4"]
[White "Hellsten,J"]
[Black "Cramling,P"]
[Result "1-0"]
[WhiteElo "2570"]
[BlackElo "2521"]

1.d4 d5 2.c4 c6 3.Nf3 Nf6 4.Qb3 dxc4 5.Qxc4 Bg4 6.Nc3 Nbd7 7.e4 Bxf3 8.gxf3 e6
9.Be3 Be7 10.Rg1 O-O 11.O-O-O Kh8 12.Kb1 Rc8 13.Qb3 b5 14.d5 cxd5 15.exd5 b4
16.Ne4 exd5 17.Nxf6 Bxf6 18.Rxd5 Qe7 19.Bh3 Nc5 20.Qxb4 Ne6 21.Qxe7 Bxe7
22.Rd7 Bf6 23.Bxe6 fxe6 24.Rxa7 Rb8 25.b3 h5 26.h3 Rb5 27.Rc7 Rd8 28.Rgc1 Kh7
29.R7c5 Rxc5 30.Rxc5  1-0

[Event "II Balazs-Diak Cup U-18"]
[Site "Balatonlelle HUN"]
[Date "2006.07.05"]
[Round "5"]
[White "Rombaldoni,D"]
[Black "Radnai,A"]
[Result "1-0"]
[WhiteElo "2322"]
[BlackElo "2226"]

1.d4 d5 2.c4 c6 3.Nf3 dxc4 4.e3 Be6 5.Nbd2 Nf6 6.Bxc4 Bxc4 7.Nxc4 e6 8.O-O Be7
9.Qc2 O-O 10.e4 Nbd7 11.Rd1 Rc8 12.Bf4 Nb6 13.Na5 Nbd5 14.Bd2 Nb4 15.Bxb4 Bxb4
16.Nxb7 Qb6 17.Nc5 Bxc5 18.dxc5 Qc7 19.Rd6 Rfd8 20.Rad1 Ne8 21.e5 Nxd6 22.exd6 Qb7
23.Ng5 g6 24.Qc3 Rb8 25.Qh3 h5 26.Qf3 Rf8 27.b3 Qb4 28.Ne4 f6 29.h3 Kg7 30.Qe3 e5
31.g3 a5 32.Nc3 h4 33.g4 Rbe8 34.Ne4 a4 35.d7 Rd8 36.g5 f5 37.Nf6 Qf4 38.Qxf4 exf4
39.bxa4 Rxf6 40.gxf6+ Kxf6 41.a5 Ke7 42.a6 Ra8 43.d8=Q+  1-0

[Event "TESPO GM"]
[Site "Brno CZE"]
[Date "2006.07.05"]
[Round "7"]
[White "Cernousek,L"]
[Black "Kalod,R"]
[Result "1-0"]
[WhiteElo "2422"]
[BlackElo "2495"]

1.d4 d5 2.Nf3 Nf6 3.c4 c6 4.g3 Bf5 5.Nc3 a6 6.a4 e6 7.Qb3 Ra7 8.a5 Nbd7 9.Nh4 Bg6
10.Nxg6 hxg6 11.Bg2 Bd6 12.O-O O-O 13.e4 dxe4 14.Nxe4 Nxe4 15.Bxe4 Nf6 16.Bf3 Qd7
17.Bd2 Raa8 18.Rad1 Rfe8 19.Bc3 Rad8 20.Rfe1 Qc8 21.Qa2 Rd7 22.b4 Rde7 23.Qb2 Qb8
24.Re3 Qd8 25.Rde1 Rd7 26.R1e2 Be7 27.h4 Qc7 28.Kg2 Red8 29.Re1 Ne8 30.d5 cxd5
31.cxd5 exd5 32.Bd4 Rc8 33.Bb6 Qd6 34.Bc5 Rxc5 35.bxc5 Qxc5 36.Qb6 Qxb6 37.axb6 Kf8
38.Bxd5 Nf6 39.Bf3 Bc5 40.Rc3 Bxb6 41.Rc8+ Rd8 42.Rxd8+ Bxd8 43.Bxb7 a5 44.Bc6 Be7
45.Re2 Bb4 46.g4 Kg8 47.g5 Nh5 48.Re8+ Kh7 49.Kf3 f6 50.Bd5 Bd2 51.Bg8+ Kh8
52.Ba2+ Kh7 53.Bg8+ Kh8 54.Ba2+ Kh7 55.Rd8 Bb4 56.Bg8+ Kh8 57.Bf7+ Kh7 58.Bg8+ Kh8
59.Be6+ Kh7 60.Bg4 Bc3 61.Rd5 a4 62.Rd3 Bb2 63.Be6 a3 64.Kg4 Bc1 65.Rc3 Bb2
66.Rc8 Be5 67.Bg8+ Kh8 68.Be6+ Kh7 69.Bg8+ Kh8 70.Bf7+ Kh7 71.Ra8 Bb2 72.Bg8+ Kh8
73.Bf7+ Kh7 74.Bg8+ Kh8 75.Be6+ Kh7 76.Rb8 Bd4 77.Bg8+ Kh8 78.Be6+ Kh7 79.Kf3 Bb2
80.Bg8+ Kh8 81.Be6+ Kh7 82.Rb7 Bc1 83.Kg4 Bb2 84.f4 f5+ 85.Kf3 Bc1 86.Rb4 Bd2
87.Ra4 Bc1 88.Bf7 Nxf4 89.Rxf4 Bxf4 90.Kxf4 Kh8 91.Ke3 Kh7 92.Kd2 Kh8 93.Kc2 f4
94.Kd3 Kh7 95.Ke4 Kh8 96.Kxf4 Kh7 97.Ke3  1-0

[Event "35th TCh-GRE"]
[Site "Ermioni GRE"]
[Date "2006.07.05"]
[Round "3"]
[White "Dimitrov,At"]
[Black "Svetushkin,D"]
[Result "0-1"]
[WhiteElo "2288"]
[BlackElo "2569"]

1.d4 d5 2.c4 c6 3.Nf3 Nf6 4.Qc2 Bg4 5.Ne5 Bh5 6.Bf4 e6 7.Nc3 Nbd7 8.e3 Be7
9.Bd3 Nxe5 10.Bxe5 Bg6 11.Qe2 Bd6 12.Bg3 Qe7 13.a3 Bxg3 14.hxg3 Bxd3 15.Qxd3 h6
16.O-O-O O-O 17.e4 dxe4 18.Nxe4 Rfd8 19.Rhe1 b5 20.c5 Nxe4 21.Rxe4 Rd5 22.f4 Rad8
23.Qe3 Qd7 24.Rd2 h5 25.Kc2 Qb7 26.Qc3 Qe7 27.Re5 Qf6 28.Qe3 Qg6+ 29.Kc1 a5
30.b3 a4 31.Rxd5 Rxd5 32.bxa4 bxa4 33.Rb2 Kh7 34.Rd2 Qf6 35.Qe4+ g6 36.Kc2 Qd8
37.Rd1 Kg7 38.Qe3 Qd7 39.Qe4 f6 40.Kc3 e5 41.fxe5 fxe5 42.Rd3 Qb7 43.Kd2 exd4
44.Ke2 Qb2+ 45.Kd1 Rd7 46.Qe5+ Kh7 47.Qe6 Rb7 48.Qxc6 Qb1+ 49.Ke2 Re7+  0-1

[Event "ch-SWE"]
[Site "Gothenburg SWE"]
[Date "2006.07.05"]
[Round "5"]
[White "Agrest,E"]
[Black "Hillarp Persson,T"]
[Result "1/2-1/2"]
[WhiteElo "2569"]
[BlackElo "2549"]

1.Nf3 d5 2.d4 Nf6 3.c4 c6 4.Qb3 e6 5.Bg5 Be7 6.e3 O-O 7.Nc3 a6 8.a4 a5 9.Be2 Na6
10.O-O Nb4 11.Rad1 b6 12.Ne5 Bb7 13.Nd3 Nd7 14.Bxe7  1/2-1/2

[Event "ch-SWE"]
[Site "Gothenburg SWE"]
[Date "2006.07.06"]
[Round "6"]
[White "Hellsten,J"]
[Black "Hector,J"]
[Result "1/2-1/2"]
[WhiteElo "2570"]
[BlackElo "2508"]

1.d4 d5 2.c4 c6 3.Nf3 Nf6 4.Qb3 e6 5.Bg5 Be7 6.e3 h6 7.Bh4 O-O 8.Nc3 b6 9.Rc1 Bb7
10.cxd5 cxd5 11.Bd3 Nc6 12.O-O Rc8 13.h3 Bd6 14.a3 Na5 15.Qd1 Nc4 16.Qe2 a6
17.Bb1 b5 18.e4 dxe4 19.Bxe4 Bxe4 20.Nxe4 Be7 21.Bxf6 Bxf6 22.a4  1/2-1/2

[Event "DS IM"]
[Site "Brno CZE"]
[Date "2006.07.08"]
[Round "10"]
[White "Marszalek,Mac"]
[Black "Vavra,P1"]
[Result "1-0"]
[WhiteElo "2401"]
[BlackElo "2311"]

1.d4 d5 2.c4 c6 3.Nf3 dxc4 4.e3 b5 5.a4 e6 6.axb5 cxb5 7.b3 Bb4+ 8.Bd2 Bxd2+
9.Nbxd2 a5 10.bxc4 b4 11.Bd3 Nf6 12.Qc2 Bb7 13.O-O O-O 14.Rfb1 Nbd7 15.Rb2 Qc7
16.h3 Bc6 17.Rc1 Rfb8 18.Qb1 Qd6 19.e4 e5 20.c5 Qe7 21.d5 Nxc5 22.dxc6 Na4
23.Rb3 Nc5 24.Rb2 Na4 25.Rbc2 Nc3 26.Qa1 a4 27.Rxc3 bxc3 28.Qxc3 a3 29.Ra1 a2
30.Bc4 Qc5  1-0

[Event "35th TCh-GRE"]
[Site "Ermioni GRE"]
[Date "2006.07.08"]
[Round "7"]
[White "Tsarouha,Me"]
[Black "Ikonomopoulou,M"]
[Result "0-1"]
[WhiteElo "1742"]
[BlackElo "1976"]

1.d4 d5 2.c4 c6 3.Nf3 Nf6 4.Qc2 e6 5.Bf4 Nbd7 6.e3 Be7 7.Nc3 O-O 8.Bd3 dxc4
9.Bxc4 b5 10.Bd3 Bb7 11.Ne4 Bb4+ 12.Nfd2 Nxe4 13.Bxe4 Nf6 14.Bf3 Qa5 15.a3 Nd5
16.Bg3 c5 17.Bd6 Rfd8 18.dxc5 Rac8 19.Qd1 Nxe3 20.axb4 Nc2+ 21.Qxc2 Qxa1+
22.Qb1 Qxb1+ 23.Nxb1 Bxf3 24.O-O Be2 25.Re1 Bc4 26.Re3 a6 27.Ra3 Rc6 28.Nd2 Rcxd6
29.cxd6 Rxd6  0-1

[Event "XXIV Andorra Open"]
[Site "Andorra la Vella AND"]
[Date "2006.07.10"]
[Round "3"]
[White "Roktim,B"]
[Black "Sundararajan,K"]
[Result "1/2-1/2"]
[WhiteElo "2365"]
[BlackElo "2472"]

1.d4 d5 2.c4 c6 3.Nf3 Nf6 4.Qc2 dxc4 5.Qxc4 Bf5 6.g3 e6 7.Bg2 Nbd7 8.O-O Be7
9.Nc3 O-O 10.a4 a5 11.e3 Ne4 12.Nd2 Nxd2 13.Bxd2 e5 14.d5 Rc8 15.Qe2 Nf6
16.e4 Bg4 17.f3 Bd7 18.dxc6 Bxc6 19.Be3 Bb4 20.Bh3 Ra8 21.Rfd1 Qe7 22.Bf2 Rfd8
23.Nb5 Rxd1+ 24.Rxd1 Rd8 25.Rxd8+ Qxd8 26.Qc2 h6 27.Bf1 Qe7 28.Na7 Bd7 29.Nc8 Qe8  1/2-1/2

[Event "ch-SWE"]
[Site "Gothenburg SWE"]
[Date "2006.07.12"]
[Round "11"]
[White "Hellsten,J"]
[Black "Sagit,R"]
[Result "1-0"]
[WhiteElo "2570"]
[BlackElo "2265"]

1.d4 d5 2.c4 c6 3.Nf3 Nf6 4.Qb3 dxc4 5.Qxc4 Bf5 6.g3 e6 7.Bg2 Nbd7 8.O-O Be7
9.e3 O-O 10.Rd1 Ne4 11.Nbd2 Nd6 12.Qe2 Bc2 13.Re1 Bg6 14.b3 a5 15.a3 c5 16.Bb2 cxd4
17.Bxd4 Nf5 18.Bb2 Rc8 19.Nc4 Nd6 20.Nxd6 Bxd6 21.Rad1 Rc2 22.Rd2 Rxb2 23.Rxb2 Bxa3
24.Rd2 Qc7 25.Nh4 Nc5 26.Nxg6 hxg6 27.Rb1 Bb4 28.Rdd1 Qe5 29.Qb5 Qf5 30.Qc4 Rb8
31.Qb5 b6 32.Qc6 Nd3 33.Qc2 Nc5 34.Qe2 e5 35.Bd5 e4 36.Bc4 Qh3 37.Rd5 Bc3
38.Rbd1 Bf6 39.Rd6 Rb7 40.Bd5 Re7 41.Rxb6 Nd7 42.Rb7 Ne5 43.Bxe4 Ng4 44.Rb8+ Kh7
45.Qxg4 Qxg4 46.Rdd8 Re8 47.Rxe8 Bd8 48.Rbxd8 Kh6 49.h4  1-0

[Event "16th Heart of Finland Open"]
[Site "Jyvaskyla FIN"]
[Date "2006.07.12"]
[Round "2"]
[White "Akesson,R"]
[Black "Salimaki,J"]
[Result "1-0"]
[WhiteElo "2449"]
[BlackElo "2179"]

1.Nf3 d5 2.d4 Nf6 3.c4 c6 4.Qb3 dxc4 5.Qxc4 Bf5 6.Nc3 e6 7.g3 Be7 8.Bg2 Ne4
9.O-O Nd7 10.Ne1 Nxc3 11.bxc3 O-O 12.e4 Bg6 13.Nd3 Kh8 14.Nf4 e5 15.Nxg6+ hxg6
16.f4 exd4 17.cxd4 c5 18.d5 Nb6 19.Qd3 c4 20.Qf3 Na4 21.e5 Bc5+ 22.Kh1 Qb6
23.Qe4 Bd4 24.Ba3 Nc3 25.Qf3 Rfd8 26.d6 Rab8 27.Rac1 Qa5 28.Bb2 Nb5 29.Bxd4 Nxd4
30.Qd5 Qxd5 31.Bxd5 b5 32.Bxf7 Kh7 33.Rfd1 Nf5 34.Be6 Rb6 35.Rd5 b4 36.Bxf5 gxf5
37.Rxc4 b3 38.axb3 Rxb3 39.Rc2 Re3 40.d7 Re1+ 41.Kg2  1-0

[Event "ch-SWE"]
[Site "Gothenburg SWE"]
[Date "2006.07.13"]
[Round "12"]
[White "Agrest,E"]
[Black "Hector,J"]
[Result "1/2-1/2"]
[WhiteElo "2569"]
[BlackElo "2508"]

1.d4 d5 2.Nf3 Nf6 3.c4 c6 4.Qb3 e6 5.Bg5 Be7 6.e3 O-O 7.Nc3 a6 8.Rc1 Nbd7
9.cxd5 exd5 10.Bd3 Re8 11.O-O Nf8 12.Na4 Ne4 13.Bf4 Ng6 14.Bg3 h5 15.Nb6 h4
16.Nxa8 hxg3 17.fxg3 Bd6 18.Nb6 Bg4 19.Na4 Bxf3 20.Rxf3 Nd2 21.Qd1 Nxf3+
22.Qxf3 Qg5 23.Re1 Nf8 24.Nc3 g6 25.e4 f5 26.e5 Bb8 27.h4 Qh6 28.Qf4 Kg7
29.Ne2 Ba7 30.Rd1 Qh5 31.Qf3 Rxe5 32.Kf1 Re7 33.Qxh5 gxh5 34.Nf4 Kh6 35.Bxf5 Rf7
36.Bc8 Ng6 37.Ke2 Nxf4+ 38.gxf4 Rxf4 39.Bxb7 Re4+ 40.Kf3 Bxd4 41.Bxc6 Re3+
42.Kf4 Re4+ 43.Kf3 Re3+ 44.Kf4 Re4+  1/2-1/2

[Event "25th Open"]
[Site "St Veit AUT"]
[Date "2006.07.16"]
[Round "9"]
[White "Marjanovic,Slavk"]
[Black "Jeric,S"]
[Result "0-1"]
[WhiteElo "1967"]
[BlackElo "2326"]

1.d4 d5 2.c4 c6 3.Nf3 Nf6 4.g3 dxc4 5.Bg2 Bf5 6.O-O Nbd7 7.a4 a5 8.Nc3 e6
9.Nh4 Bg4 10.f3 Bh5 11.e4 Nb6 12.Be3 Be7 13.Qc2 Nfd7 14.f4 Bxh4 15.gxh4 Qxh4
16.d5 O-O 17.dxc6 bxc6 18.Bf2 Qe7 19.Nd1 Nc5 20.Ne3 Nb3 21.Nxc4 Nxa1 22.Rxa1 Nxc4
23.Qxc4 Qb4 24.Qxb4 axb4 25.e5 Rfc8 26.b3 f6 27.Rc1 Rd8 28.Bh3 f5 29.Bf1 Bf3
30.Bc5 Rd2 31.Bxb4 Rb2 32.Bc4 Bd5 33.Ba3 Rg2+ 34.Kf1 Rxh2 35.Bxd5 cxd5 36.Rc6 Rh3
37.Rb6 Rc8 38.a5 Rc2 39.Kg1 Rd3  0-1

[Event "3rd St Nikolay GM"]
[Site "Mionica SCG"]
[Date "2006.07.17"]
[Round "7"]
[White "Lajthajm,B"]
[Black "Andonov,B"]
[Result "1-0"]
[WhiteElo "2507"]
[BlackElo "2391"]

1.d4 d5 2.c4 c6 3.Nf3 Nf6 4.Qc2 e6 5.Bg5 h6 6.Bh4 Nbd7 7.e3 Be7 8.Nc3 O-O
9.Rd1 Re8 10.a3 a6 11.h3 b5 12.c5 e5 13.dxe5 Nh7 14.Bg3 Bxc5 15.Bd3 Nhf8
16.Nd4 Bb7 17.O-O Rc8 18.f4 Ne6 19.Nce2 Bf8 20.Nxe6 Rxe6 21.Bh7+ Kh8 22.Bf5 Re8
23.e4 g6 24.Bg4 h5 25.Bxd7 Qxd7 26.f5 g5 27.Qd2 Bh6 28.exd5 cxd5 29.Nd4 Qe7
30.f6 Qf8 31.e6 fxe6 32.f7 Re7 33.Be5+  1-0

[Event "Sunny Pawn B"]
[Site "Illichevsk UKR"]
[Date "2006.07.20"]
[Round "1"]
[White "Skalski,M"]
[Black "Makarov,V MDA"]
[Result "1-0"]
[WhiteElo "2343"]
[BlackElo "2272"]

1.d4 d5 2.c4 c6 3.Nf3 Nf6 4.Qc2 g6 5.Bf4 Bg7 6.e3 O-O 7.Nc3 a6 8.c5 Bf5 9.Qb3 Qc8
10.Be2 Nfd7 11.Na4 f6 12.O-O Ra7 13.Bg3 e5 14.Rfe1 Re8 15.Nd2 Be6 16.e4 dxe4
17.Bc4 Nf8 18.Nb6 Qd8 19.Nxe4 Nbd7 20.Nd6 Bxc4 21.Qxc4+ Re6 22.dxe5 fxe5
23.Rad1  1-0

[Event "Czech Open A"]
[Site "Pardubice CZE"]
[Date "2006.07.23"]
[Round "3"]
[White "Jirka,J"]
[Black "Baryshpolets,A"]
[Result "1-0"]
[WhiteElo "2372"]
[BlackElo "2251"]

1.d4 Nf6 2.c4 c6 3.g3 d5 4.Nf3 Bg4 5.Ne5 Bh5 6.Nc3 e6 7.Qb3 Qb6 8.c5 Qc7
9.Bf4 Qc8 10.f3 Nfd7 11.g4 Bg6 12.Nxg6 hxg6 13.Bg3 Be7 14.O-O-O b6 15.cxb6 Nxb6
16.e4 N8d7 17.Kb1 Nf6 18.h4 c5 19.exd5 Nbxd5 20.Nxd5 Nxd5 21.Bb5+ Kf8 22.Rc1 Nc7
23.Bc6 Rb8 24.Qa4 Rb6 25.dxc5 Ra6 26.Qe4 f5 27.Bb7 Qb8 28.Qb4 Rb6 29.cxb6  1-0

[Event "Czech Open B2"]
[Site "Pardubice CZE"]
[Date "2006.07.23"]
[Round "3"]
[White "Galochkin,S"]
[Black "Porod,R"]
[Result "1/2-1/2"]
[WhiteElo "2015"]
[BlackElo "2120"]

1.Nf3 d5 2.d4 Nf6 3.c4 c6 4.Qc2 e6 5.g3 Bd6 6.Bg2 O-O 7.O-O Nbd7 8.Rd1 Qe7
9.Nc3 Re8 10.b3 b6 11.e4 Nxe4 12.Nxe4 dxe4 13.Qxe4 Bb7 14.Ne5 Nxe5 15.dxe5 Bc5
16.Qg4 f5 17.exf6 Qxf6 18.Bg5 Bxf2+ 19.Kh1 Qg6 20.Be4 Qf7 21.Rd3 Rf8 22.Rf3 Qd7
23.Rd3 Qf7 24.Rf3 Qd7 25.Rd3 Qf7  1/2-1/2

[Event "Czech Open A"]
[Site "Pardubice CZE"]
[Date "2006.07.23"]
[Round "3"]
[White "Lechtynsky,J"]
[Black "Sponheim,O"]
[Result "1/2-1/2"]
[WhiteElo "2433"]
[BlackElo "2257"]

1.d4 d5 2.Nf3 c6 3.c4 dxc4 4.e3 Be6 5.a4 Nf6 6.Na3 c5 7.Bxc4 Bxc4 8.Nxc4 Nc6
9.O-O cxd4 10.exd4 e6 11.Qb3 Qd5 12.Bd2 Be7 13.Qxb7 Rb8 14.Qc7 O-O 15.Ne3 Qe4
16.Bc3 Rfc8 17.Qg3 Nh5 18.Qg4 Qxg4 19.Nxg4 Nf4 20.Rfe1 Nb4 21.g3 Nfd5 22.Bxb4 Rxb4
23.Re2 Rcb8 24.Ne3 Nxe3 25.fxe3 Rxb2 26.Rxb2 Rxb2 27.Rc1 g5 28.Rc7 g4 29.Ne5 Bg5
30.Nxg4 h5 31.h4 hxg4 32.hxg5 Re2 33.g6 fxg6 34.Rc3 Kf7 35.Kf1 Ra2 36.Rc4 Kf6
37.e4 g5  1/2-1/2

[Event "10th Battle of Senta 1697 Open"]
[Site "Senta SCG"]
[Date "2006.07.23"]
[Round "4"]
[White "Juhasz,Las1"]
[Black "Gebejes,A"]
[Result "1/2-1/2"]
[WhiteElo "2221"]
[BlackElo "2037"]

1.d4 Nf6 2.Nf3 d5 3.c4 c6 4.Qc2 Bg4 5.Ne5 Bh5 6.Bf4 Nbd7 7.e3 Nxe5 8.Bxe5 Ng4
9.Bg3 e6 10.Qb3 Qd7 11.Nc3 Be7 12.Bd3 O-O 13.h3 Nf6 14.O-O dxc4 15.Bxc4 b5
16.Bd3 a5 17.Rac1 Bd6 18.Bh4 Nd5 19.Ne4 a4 20.Qc2 Nb4 21.Qb1 Nxd3 22.Qxd3 Bg6
23.Qc2 Bb8 24.f3 Rc8 25.Qc5  1/2-1/2

[Event "Czech Open A"]
[Site "Pardubice CZE"]
[Date "2006.07.24"]
[Round "4"]
[White "Meduna,E"]
[Black "Poliakov,A"]
[Result "1/2-1/2"]
[WhiteElo "2425"]
[BlackElo "2296"]

1.d4 d5 2.Nf3 c6 3.c4 dxc4 4.e3 b5 5.a4 e6 6.axb5 cxb5 7.b3 Bb4+ 8.Bd2 Bxd2+
9.Nbxd2 a5 10.bxc4 b4 11.c5 Nf6 12.Bb5+ Bd7 13.Qa4 O-O 14.c6 Be8 15.e4 Na6
16.O-O Nc7 17.Bd3 Ra7 18.Nb3 Nh5 19.Nxa5 Nf4 20.Bc4 f5 21.Qc2 fxe4 22.Qxe4 Bg6
23.Qe5 Rf5 24.Qe3 Qa8 25.Nb3 Rxa1 26.Rxa1 Qxc6 27.Rc1 Qd6 28.Ne5 Rf8 29.Nxg6 Nxg6
30.g3 Ne7 31.Qe5 Rd8 32.Re1 Nc6 33.Bxe6+ Nxe6 34.Qxe6+ Qxe6 35.Rxe6  1/2-1/2

[Event "Czech Open A"]
[Site "Pardubice CZE"]
[Date "2006.07.25"]
[Round "5"]
[White "Potyavin,I"]
[Black "Galicek,S"]
[Result "1/2-1/2"]
[WhiteElo "2047"]
[BlackElo "2223"]

1.d4 d5 2.c4 c6 3.Nf3 Nf6 4.Nbd2 Bf5 5.Qb3 Qb6 6.Qxb6 axb6 7.cxd5 cxd5 8.e3 Nc6
9.Bb5 Bd7 10.O-O e6 11.Be2 Bd6 12.a3 Ke7 13.Rb1 Rhc8 14.Re1 Rc7 15.Bd3 h6
16.e4 dxe4 17.Nxe4 Nxe4 18.Bxe4 Na5 19.Nd2 b5 20.Bd3 Rcc8 21.Ne4 Bb8 22.Bd2 Bc6
23.Bb4+ Kd7 24.Nc3 Nc4 25.Bxc4 bxc4 26.d5 Bxd5 27.Rbd1 Kc6 28.Nxd5 exd5 29.Bc3 Bd6
30.Bxg7 Rg8 31.Bxh6 Rh8 32.Bg7 Bxh2+ 33.Kf1 Rh7 34.Bd4 Bd6 35.g3 Rd8 36.Kg2 Rd7
37.Be3  1/2-1/2

[Event "Czech Open A"]
[Site "Pardubice CZE"]
[Date "2006.07.25"]
[Round "5"]
[White "Limontas,M"]
[Black "Mashinskaya,I"]
[Result "1-0"]
[WhiteElo "2277"]
[BlackElo "2386"]

1.d4 d5 2.c4 c6 3.Nf3 dxc4 4.a4 Nf6 5.Nc3 Bf5 6.Ne5 Nbd7 7.Nxc4 e6 8.g3 Bb4
9.Bg2 Nb6 10.Ne5 Ne4 11.Bxe4 Bxe4 12.O-O Bf5 13.a5 Nd7 14.Qb3 Bxc3 15.bxc3 Nxe5
16.dxe5 Qd5 17.c4 Qe4 18.Ba3 O-O-O 19.Bd6 h5 20.Rfd1 h4 21.f3 Qc2 22.Qe3 hxg3
23.Qxa7 Rxd6 24.Qa8+ Kc7 25.exd6+ Kd7 26.Qxb7+  1-0

[Event "Czech Open A"]
[Site "Pardubice CZE"]
[Date "2006.07.26"]
[Round "6"]
[White "Pertlova,S"]
[Black "Okara,A"]
[Result "1-0"]
[WhiteElo "2102"]
[BlackElo "2271"]

1.Nf3 Nf6 2.c4 c6 3.g3 d5 4.d4 dxc4 5.Bg2 Bg4 6.Ne5 Bh5 7.O-O e6 8.Nc3 Nbd7
9.Nxc4 Be7 10.h3 Nd5 11.g4 Bg6 12.e4 Nxc3 13.bxc3 Qc7 14.f4 f5 15.gxf5 exf5
16.e5 O-O-O 17.Qb3 Bh5 18.Ba3 Bxa3 19.Qxa3  1-0

[Event "Czech Open A"]
[Site "Pardubice CZE"]
[Date "2006.07.26"]
[Round "6"]
[White "Meduna,E"]
[Black "Tuma,J"]
[Result "1-0"]
[WhiteElo "2425"]
[BlackElo "2310"]

1.d4 d5 2.c4 c6 3.Nf3 Nf6 4.Qc2 e6 5.Bg5 Nbd7 6.Nc3 h6 7.Bh4 dxc4 8.e4 g5
9.Bg3 b5 10.Be2 Bb7 11.O-O Qb6 12.Rfd1 Be7 13.a4 a6 14.Ne5 h5 15.h4 gxh4
16.Nxd7 Nxd7 17.Bf4 h3 18.gxh3 e5 19.dxe5 O-O-O 20.axb5 cxb5 21.Nd5 Qg6+
22.Kf1 Bc5 23.b4 Rhg8 24.Bg3 Qe6 25.Nf4 Qxe5 26.bxc5 h4 27.c6 Bxc6 28.Rxa6 hxg3
29.Rxc6+ Kb7 30.Bxc4 Nb6 31.Bd5 Nxd5 32.Nxd5 Rxd5 33.exd5 Qh5 34.Rc7+ Kb8
35.Rb7+ Kxb7 36.Qc6+ Kb8 37.Qxb5+ Kc8 38.Qc6+ Kd8 39.Qd6+ Kc8 40.Rc1+ Kb7
41.Qb4+ Ka6 42.Qa4+ Kb6 43.Qb4+ Ka7 44.Ra1+  1-0

[Event "Czech Open A"]
[Site "Pardubice CZE"]
[Date "2006.07.28"]
[Round "8"]
[White "Lindberg,Bo"]
[Black "Blomqvist,E"]
[Result "0-1"]
[WhiteElo "2385"]
[BlackElo "2133"]

1.d4 d5 2.c4 c6 3.Nf3 Nf6 4.Qb3 e6 5.g3 Be7 6.Bg2 O-O 7.Nc3 dxc4 8.Qxc4 b5
9.Qb3 Bb7 10.O-O a6 11.Rd1 Nbd7 12.Be3 Qc7 13.Rac1 Rac8 14.Bf4 Qb6 15.e4 Rfd8
16.h3 c5 17.d5 c4 18.Qc2 exd5 19.e5 Nh5 20.Ng5 g6 21.Be3 Bc5 22.Bxc5 Rxc5
23.Nxd5 Bxd5 24.Bxd5 Nxe5 25.Qe4 Nf6 26.Qe3 Rdxd5 27.Rxd5 Nxd5 28.Qxe5 Nf6
29.Qd4 Qc6 30.h4 Rd5 31.Qa7 Rd7 32.Qb8+ Kg7 33.Re1 h6 34.Nh3 Qf3 35.Qe5 Rd2
36.a3 Qb3 37.Nf4 Qxb2 38.Qe7 Rxf2 39.Ne6+ Kh8 40.Nf4 Qd4 41.Kh1 Kg8 42.Qb7 Qd2  0-1

[Event "Czech Open A"]
[Site "Pardubice CZE"]
[Date "2006.07.29"]
[Round "9"]
[White "Cerveny,P"]
[Black "Korinek,O"]
[Result "1/2-1/2"]
[WhiteElo "2323"]
[BlackElo "2227"]

1.d4 d5 2.c4 c6 3.Nf3 Nf6 4.Qc2 dxc4 5.e4 b5 6.b3 cxb3 7.axb3 Bb7 8.Bd3 e6
9.O-O a6 10.Bd2 Nbd7 11.Ba5 Qb8 12.Nbd2 Be7 13.b4 e5 14.Nb3 Bd6 15.Rae1 O-O
16.g3 Bc7 17.h3 exd4 18.Kh2 g6 19.Nfxd4 Ne5 20.f4 Nxd3 21.Qxd3 Bxa5 22.Nxa5 Qc7
23.Nab3 Nd7 24.Qc3 Rae8 25.e5 Nb6 26.Na5 Nd5 27.Qc5 Ba8 28.e6 f5 29.Naxc6 Bxc6
30.Qxc6 Qxc6 31.Nxc6 Rf6  1/2-1/2